Diagnostika vo vzdelávaní dospelých diplomová práca

Enregistré dans:
Détails bibliographiques
Auteur principal: Gúthová, Ema
Collectivité auteur: Fakulta podnikového manažmentu EU. Katedra manažmentu
Autres auteurs: Matulčíková, Marta, 1964-
Format: Livre
Langue:slovaque
Publié: Bratislava 2023
Tags: Ajouter un tag
Pas de tags, Soyez le premier à ajouter un tag!

MARC

LEADER 00000nbm a2200000 4500
001 0293653
005 20240221084900.5
041 0 |a slo 
044 |a SK 
245 1 0 |a Diagnostika vo vzdelávaní dospelých  |b diplomová práca  |c Ema Gúthová ; školiteľ: Marta Matulčíková 
264 1 |a Bratislava  |c 2023 
300 |a 73 s. 
100 1 |a Gúthová, Ema 
700 1 |a Matulčíková, Marta, 1964- 
710 2 |a Fakulta podnikového manažmentu EU. Katedra manažmentu